000 01011nam a22002297a 4500
005 20121010141910.0
008 121010t xxu||||| |||| 00| 0 mar d
010 _aMAR-22664
020 _c30.00
035 _aMR-15322
037 _bDBAD/PUB
040 _aDPL
_bMR
082 _a641.5
100 _953016
_aवेलणकर, वंदना
245 _aचटकदार राजस्थानी पदार्थ /
_cवंदना वेलणकर
246 _aChatakdar Rajashtani Padartha
_bby Vandana Velankar
260 _aपुणे
_bदिलीपराज प्रकाशन
_c2012
270 _a251 क, शनिवार पेठ
_bपुणे
_e411030
300 _aदहा,40पृ.
_c21सेमी(अजिल्द)
_bसचित्र
942 _2ddc
_cMR
_mवेलण
_h641.5
999 _c70846
_d70846